000 00635nam a22002177a 4500
003 UA-OsUOA
001 71812
007 ta
008 20101203b un ||||| |||| 00| 0 ukr d
100 _aБариніна М.
090 _a657
_bБ24
942 _cSA
040 _aUA-OsUOA
_bukr
_cUA-OsUOA
_dUA-OsUOA
245 _aСпрощена класифікація аудиту
300 _aС.39-43
955 _a0
041 _aukr
080 _a657
773 0 _w71811
_tФінансовий контроль
_dК.
_d2010
_g7
650 7 _a657 Бухгалтерія. Бухгалтерський облік. Рахівництво
_2UDC
999 _c357997
_d357997